| 000 | 00748nam a2200217Ia 4500 | ||
|---|---|---|---|
| 003 | GCL | ||
| 008 | 140319s9999 xx 000 0 ara d | ||
| 040 |
_aGCL / _cGCL |
||
| 082 | 0 | 4 |
_a398.08 _bن ا |
| 100 | 1 | _aحسن عاصى | |
| 245 | 1 | 0 |
_aامثال لافونتين / _cحسن عاصى |
| 700 | 1 | _aنقولا ابوهنا | |
| 260 |
_aبيروت : _bدار المواسم للطباعة والنشر والتوزيع ، _c1995 |
||
| 300 |
_a324 ص ؛ _c24سم |
||
| 490 |
_aالامثال والحكم فى اداب الشعوب والامم _v0 |
||
| 650 | 0 | 4 | _aالادب الشعبى |
| 650 | 0 | 4 | _aالامثال الشعبية |
| 650 | 0 | 4 | _aالائتمان |
| 650 | 0 | 4 | _aالادب الفرنسى المترجم |
| 942 |
_2ddc _cBK |
||
| 999 |
_c43497 _d43497 |
||